000 00859nam a2200217Ia 4500
999 _c35984
_d35984
001 1883
003 GE_BSU
005 20221006145023.0
008 181216s2007ru xx |||||||||||||| ||rus||
020 _a594985233
040 _cGE_BSU
080 _a342.4(075.8) Г-12
100 _aГабричидзе, Б.Н.
_915103
245 _aКонституционное право Росии :
_bУчуебник для вузов /
_cБ.Н. Габричидзе, А.Г. Чернявский.
264 _aМосква :
_bЕорговая корпорация Дашков К,
_c2007.
300 _a1124 с. :
_b20 см.
653 _aКонституционное право Росии
653 _aრუსეთის კონსტიტუციური სამართალი
710 _aЧернявский,А.Г
_915104
942 _cBK
_2udc